000
00268nam a22001097a 4500
999
_c
167339
_d
167339
082
_a
_b
100
_a
Sasidharan
245
_a
Aadhunik hindi natakom meim samagik vyangh/
_c
by Sasidharan.
260
_a
Mathura:
_b
Jawahar Pustakalaya,
_c
650
_a
942
_c
BK